Physics of shallow estuaries and bays
Αποθηκεύτηκε σε:
| Άλλοι συγγραφείς: | |
|---|---|
| Μορφή: | Βιβλίο |
| Γλώσσα: | English |
| Δημοσίευση: |
Berlin :
Springer-Verlag,
1986.
|
| Σειρά: | Lecture notes on coastal and estuarine studies ;
16 |
| Θέματα: | |
| Ετικέτες: |
Προσθήκη ετικέτας
Δεν υπάρχουν, Καταχωρήστε ετικέτα πρώτοι!
|
MARC
| LEADER | 00000cam a2200000 i 4500 | ||
|---|---|---|---|
| 001 | 1/1059 | ||
| 008 | 950706s1986 gw | ||| |||| ||eng|| | ||
| 020 | |a 3540963286 | ||
| 035 | |l 10014301 | ||
| 040 | |a GR-MyUa |b gre |e AACR2 | ||
| 041 | 0 | |a eng | |
| 082 | 7 | |a 551.4609 |2 (22) | |
| 245 | 0 | 0 | |a Physics of shallow estuaries and bays / |c edited by J. van de Kreeke. |
| 260 | |a Berlin : |b Springer-Verlag, |c 1986. | ||
| 300 | |a 280 σ. : |b εικ. ; |c 25 εκ. | ||
| 490 | 1 | |a (Lecture notes on coastal and estuarine studies ; |v 16) | |
| 650 | 0 | 0 | |a Estuarine oceanography |x Congresses. |
| 650 | 0 | 0 | |a Bays |x Congresses. |
| 650 | 0 | 0 | |a Oceanic mixing |x Congresses. |
| 650 | 0 | 0 | |a Ocean circulation |x Congresses. |
| 650 | 0 | 0 | |a Sediment transport |x Congresses. |
| 700 | 1 | |a Van de Kreeke, J. |e edt | |
| 830 | 0 | |a Lecture notes on coastal and estuarine studies ; |v 16 | |
| 852 | |a INST |b LESVOS |e 19950706 |h 551.4609 PHY |p 005100007949 |q 005100007949 |t BK |y 0 | ||
| 922 | |a 1ΕΛΗ |b 198809 |c ΠΠ/8103 | ||